Kreativita v ekonomike

Kreatívna ekonomika sa dotýka postavenia inovácií v ekonomickom rozvoji. Tieto vedú k zmene ekonomickej výkonnosti, sú zdrojom ekonomického rastu. Európska únia rozvinula viaceré spôsoby merania inovatívnosti ako súčasť Lisabonskej stratégie.

Salvato in:
Dettagli Bibliografici
Autore principale: Alexy, Martin, 1976-
Natura: Capitolo di libro
Lingua:slovacco
Soggetti:
Tags: Aggiungi Tag
Nessun Tag, puoi essere il primo ad aggiungerne!!

MARC

LEADER 00000nla a2200000 4500
001 0199293
005 20240502073353.7
041 0 |a slo 
044 |a SK 
245 1 0 |a Kreativita v ekonomike  |c Martin Alexy 
520 |a Kreatívna ekonomika sa dotýka postavenia inovácií v ekonomickom rozvoji. Tieto vedú k zmene ekonomickej výkonnosti, sú zdrojom ekonomického rastu. Európska únia rozvinula viaceré spôsoby merania inovatívnosti ako súčasť Lisabonskej stratégie. 
610 2 0 |a ekonomika kreatívna 
610 2 0 |a priemysel kreatívny 
610 2 0 |a inovácia 
610 2 0 |a kapitál ľudský 
610 2 0 |a kultúra 
610 2 0 |a meranie 
610 2 0 |a kreativita 
610 2 0 |a indexy 
100 1 |a Alexy, Martin, 1976-